"With God all things are possible!"/ (Запис № 566896)

МАРК-запис
000 -LEADER
fixed length control field 01150nam a2200277I 4500
001 - CONTROL NUMBER
control field withgodallthings00life
003 - CONTROL NUMBER IDENTIFIER
control field CaSfIA
005 - DATE AND TIME OF LATEST TRANSACTION
control field 20210119123204.0
007 - PHYSICAL DESCRIPTION FIXED FIELD--GENERAL INFORMATION
fixed length control field cr||||
008 - FIXED-LENGTH DATA ELEMENTS--GENERAL INFORMATION
fixed length control field 770624s1974 nyu 000 0 eng d
040 ## - CATALOGING SOURCE
Original cataloging agency TLT
Transcribing agency TLT
Modifying agency CaSfIA
035 ## - SYSTEM CONTROL NUMBER
System control number (OCoLC)3066564
082 #4 - DEWEY DECIMAL CLASSIFICATION NUMBER
Classification number 291.432
090 ## - LOCALLY ASSIGNED LC-TYPE CALL NUMBER (OCLC); LOCAL CALL NUMBER (OCLC)
Classification number (OCLC) (R) ; Classification number, CALL (RLIN) (NR) BV4905
Local cutter number (OCLC) ; Book number/undivided call number, CALL (RLIN) .L49 1974
110 2# - MAIN ENTRY--CORPORATE NAME
Corporate name or jurisdiction name as entry element Life Study Fellowship.
245 10 - TITLE STATEMENT
Title "With God all things are possible!"/
Medium [electronic resource]
260 ## - PUBLICATION, DISTRIBUTION, ETC. (IMPRINT)
Place of publication, distribution, etc New York:
Name of publisher, distributor, etc Bantam,
Date of publication, distribution, etc 1974.
300 ## - PHYSICAL DESCRIPTION
Extent 280 p.
506 ## - RESTRICTIONS ON ACCESS NOTE
Standardized terminology for access restriction Необхідна авторизація на https://archive.org/ (створення облікового запису безкоштовно)
506 ## - RESTRICTIONS ON ACCESS NOTE
Standardized terminology for access restriction Необхідна авторизація на https://openlibrary.org/ (створення облікового запису безкоштовно)
650 #0 - SUBJECT ADDED ENTRY--TOPICAL TERM
Topical term or geographic name as entry element Consolation.
650 #0 - SUBJECT ADDED ENTRY--TOPICAL TERM
Topical term or geographic name as entry element Devotional exercises.
856 41 - ELECTRONIC LOCATION AND ACCESS
Uniform Resource Identifier <a href="http://www.archive.org/details/withgodallthings00life">http://www.archive.org/details/withgodallthings00life</a>
Public note Free eBook from the Internet Archive
856 42 - ELECTRONIC LOCATION AND ACCESS
Uniform Resource Identifier <a href="http://www.openlibrary.org/books/OL24224247M">http://www.openlibrary.org/books/OL24224247M</a>
Public note Additional information and access via Open Library
942 ## - ADDED ENTRY ELEMENTS (KOHA)
Koha item type ЕКнига

Немає доступних примірників.